000 00424nam a2200181Ia 4500
008 170705s9999 xx 000 0 und d
020 _a9781439148112
245 _aFlood tide :
245 _ba dark pitt adventure /
245 _cClive Cussler.
260 _aNew York :
260 _bScholastic,
260 _c1997
300 _a678 pages :
300 _bcolor illustration ;
300 _c19cm.
500 _a1040
999 _c336702
_d336702